[Event "Mistrzostwa Polski Seniorow oraz Osob Ni"]
[Site "WZW "]
[Date "2013.10.03"]
[Round "5.1"]
[White "Gasik, Piotr"]
[Black "Kawula, Andrzej"]
[Result "0-1"]
[WhiteElo "2143"]
[BlackElo "1990"]
[PlyCount "58"]
[EventDate "2013.??.??"]

1. c4 e5 2. Nf3 Nc6 3. d4 exd4 4. Nxd4 Nxd4 5. Qxd4 Nf6 6. e4 Bb4+ 7. Nd2 O-O
8. Bd3 Qe7 9. f3 Bc5 10. Qc3 d5 11. Kd1 Bb4 12. Qd4 dxc4 13. Nxc4 Rd8 14. Qe3
Be6 15. Kc2 Rxd3 16. Qxd3 Rd8 17. Qe2 Qc5 18. b3 b5 19. a3 Ba5 20. Kb1 bxc4 21.
b4 Qb5 22. Bb2 Bb6 23. Rd1 Rxd1+ 24. Qxd1 c5 25. Kc1 cxb4 26. axb4 Qxb4 27. Ra4
Qb5 28. Bc3 Be3+ 29. Bd2 c3 0-1

[Event "Mistrzostwa Polski Seniorow oraz Osob Ni"]
[Site "WZW "]
[Date "2013.10.03"]
[Round "5.2"]
[White "Niecko, Stanislaw"]
[Black "Lada, Ireneusz"]
[Result "1-0"]
[WhiteElo "1817"]
[BlackElo "1933"]
[PlyCount "86"]
[EventDate "2013.??.??"]

1. c4 c6 2. Nf3 d5 3. e3 Nf6 4. b3 e6 5. Bb2 Bd6 6. Be2 Nbd7 7. Qc2 O-O 8. cxd5
exd5 9. Nc3 Ne5 10. Nxe5 Bxe5 11. f4 Bd6 12. Nd1 Ne4 13. O-O Qh4 14. d3 Nf6 15.
g3 Qh6 16. Nf2 Qg6 17. Bf3 Re8 18. Rae1 h5 19. Bxf6 gxf6 20. Kh1 Bg4 21. Qe2 f5
22. h3 Bxf3+ 23. Qxf3 Kh7 24. Rg1 Re6 25. e4 Bc5 26. exf5 Qxf5 27. Rxe6 Bxf2
28. Rh6+ Kxh6 29. g4 hxg4 30. hxg4 Qg6 31. Qxf2 Qxd3 32. Rg3 Qe4+ 33. Kg1 Re8
34. Rh3+ Kg7 35. f5 Qe1+ 36. Qxe1 Rxe1+ 37. Kf2 Ra1 38. a4 Rb1 39. Ke2 Kf6 40.
Rh6+ Kg5 41. Rh7 Rxb3 42. Rg7+ Kf6 43. Rg8 Rb4 1-0

[Event "Mistrzostwa Polski Seniorow oraz Osob Ni"]
[Site "WZW "]
[Date "2013.10.03"]
[Round "5.3"]
[White "Wojcieszyn, Zdzislaw"]
[Black "Kosny, Marek"]
[Result "1-0"]
[WhiteElo "2005"]
[BlackElo "1961"]
[PlyCount "64"]
[EventDate "2013.??.??"]

1. c4 c5 2. Nf3 Nc6 3. d4 cxd4 4. Nxd4 g6 5. g3 Bg7 6. Nxc6 bxc6 7. Nc3 Nf6 8.
Bg2 O-O 9. e4 d6 10. e5 Ng4 11. exd6 exd6 12. O-O Ne5 13. Qa4 Bd7 14. Ne4 d5
15. Nd2 Rb8 16. cxd5 cxd5 17. Qxa7 Bb5 18. Rd1 Nd3 19. Nb3 Re8 20. Be3 Re7 21.
Qa5 Nxb2 22. Qxd8+ Rxd8 23. Rxd5 Rxd5 24. Bxd5 Rd7 25. Bf3 Nc4 26. Rd1 Ne5 27.
Rc1 Nxf3+ 28. Kg2 Nh4+ 29. gxh4 f5 30. Kg3 Be5+ 31. f4 Bb2 32. Rc2 Bf6 1-0

[Event "Mistrzostwa Polski Seniorow oraz Osob Ni"]
[Site "WZW "]
[Date "2013.10.03"]
[Round "5.4"]
[White "Rychlik, Bogdan"]
[Black "Majewski, Stanislaw"]
[Result "1-0"]
[WhiteElo "1780"]
[BlackElo "1842"]
[PlyCount "87"]
[EventDate "2013.??.??"]

1. e4 c5 2. Nf3 d6 3. d4 cxd4 4. Nxd4 a6 5. c4 e5 6. Nf3 Nf6 7. Nc3 Be7 8. Bd3
O-O 9. O-O Be6 10. Nd5 Re8 11. Nxe7+ Qxe7 12. Ng5 Nbd7 13. h3 Rac8 14. Nxe6
fxe6 15. b4 Kh8 16. Qe2 d5 17. exd5 exd5 18. cxd5 Nxd5 19. Bxh7 Kxh7 20. Qe4+
Kg8 21. Qxd5+ Qf7 22. Qxb7 Rb8 23. Qe4 Nf6 24. Qh4 Qh5 25. Qxh5 Nxh5 26. Rb1
Nf6 27. Re1 Nd5 28. a3 Kf7 29. Bb2 e4 30. Bd4 Nf4 31. Rbc1 Nd3 32. Rc7+ Kf8 33.
Bxg7+ Kg8 34. Re3 Rbc8 35. Rxc8 Rxc8 36. Bd4 Rc1+ 37. Kh2 Rc4 38. Rxe4 Nxf2 39.
Rf4 Nd3 40. Rg4+ Kf7 41. h4 Kf8 42. h5 Ne1 43. h6 Rc2 44. h7 1-0

[Event "Mistrzostwa Polski Seniorow oraz Osob Ni"]
[Site "WZW "]
[Date "2013.10.03"]
[Round "5.5"]
[White "Solek, Zenon"]
[Black "Muc, Zbigniew"]
[Result "0-1"]
[WhiteElo "1820"]
[BlackElo "1743"]
[PlyCount "104"]
[EventDate "2013.??.??"]

1. e4 e6 2. d4 d5 3. Nd2 Nf6 4. e5 Nfd7 5. Bd3 c5 6. c3 Nc6 7. Ne2 cxd4 8. cxd4
Qb6 9. Nf3 f6 10. exf6 Nxf6 11. O-O Bd6 12. b3 O-O 13. Bf4 Bxf4 14. Nxf4 g6 15.
Bc2 Bd7 16. Rc1 Ne4 17. Ne2 Nd6 18. Nc3 Rae8 19. Na4 Qd8 20. Nc5 Bc8 21. Nd3
Nb5 22. Nde1 Qf6 23. Bd3 Nbxd4 24. Nxd4 Nxd4 25. Qd2 Bd7 26. Rc7 Bc6 27. Qh6
Rf7 28. Rxf7 Qxf7 29. f4 Bb5 30. Bxb5 Nxb5 31. Nd3 Qg7 32. Qxg7+ Kxg7 33. Rc1
Re7 34. Kf2 Nd6 35. g4 h6 36. Ke3 Kf6 37. a4 g5 38. fxg5+ Kxg5 39. Ne5 Kf6 40.
Kd4 Ne4 41. Rc2 b6 42. b4 Kg7 43. b5 Nc5 44. Ra2 Nb3+ 45. Kc3 Na5 46. Kd4 Rc7
47. Ra3 Kf6 48. Rf3+ Kg5 49. h3 Rc1 50. Nf7+ Kh4 51. Nxh6 Rc4+ 52. Ke5 Re4+ 0-1

[Event "Mistrzostwa Polski Seniorow oraz Osob Ni"]
[Site "WZW "]
[Date "2013.10.03"]
[Round "5.6"]
[White "Duda, Henryk"]
[Black "Santura, Janusz"]
[Result "1/2-1/2"]
[WhiteElo "1341"]
[BlackElo "1807"]
[PlyCount "104"]
[EventDate "2013.??.??"]

1. d4 d5 2. c4 e6 3. Nc3 Nf6 4. Bg5 c6 5. a3 dxc4 6. e4 b5 7. e5 h6 8. Bxf6
gxf6 9. Nf3 Bb7 10. exf6 Qxf6 11. Ne4 Qd8 12. b3 f5 13. Ne5 Qh4 14. Ng3 cxb3
15. Qxb3 Bc8 16. Rd1 Rg8 17. Nxc6 Nxc6 18. Bxb5 Bd7 19. Bxc6 Bxc6 20. Qxe6+ Qe7
21. Qxe7+ Bxe7 22. d5 Bb5 23. Nxf5 Bxa3 24. Rb1 a6 25. Nd4 Bc4 26. Kd2 Bxd5 27.
Rhe1+ Kd7 28. g3 a5 29. Nc2 Bc5 30. f4 Rge8 31. Rxe8 Rxe8 32. Rb5 Kc6 33. Rxa5
Bc4 34. Kc3 Bb5 35. Nd4+ Bxd4+ 36. Kxd4 Re2 37. h3 Rg2 38. g4 Rg3 39. Ke5 Rxh3
40. f5 Be2 41. Ra4 Kd7 42. f6 Rf3 43. Ra7+ Ke8 44. Rh7 Rf1 45. Rxh6 Bxg4 46.
Rh8+ Kf7 47. Rh7+ Kg6 48. Rg7+ Kh5 49. f7 Be2 50. Rg2 Bc4 51. Rh2+ Kg6 52. Rh8
Rxf7 1/2-1/2

[Event "Mistrzostwa Polski Seniorow oraz Osob Ni"]
[Site "WZW "]
[Date "2013.10.03"]
[Round "5.7"]
[White "Hucz, Alfred"]
[Black "Rusin, Ryszard"]
[Result "1-0"]
[WhiteElo "2031"]
[BlackElo "1898"]
[PlyCount "107"]
[EventDate "2013.??.??"]

1. e4 e5 2. Nf3 Nf6 3. Nc3 Nc6 4. Bc4 Be7 5. O-O d6 6. h3 O-O 7. Re1 h6 8. d4
exd4 9. Nxd4 Bd7 10. Be3 a6 11. a3 Ne5 12. Bf1 c5 13. Nf5 Bxf5 14. exf5 Qc7 15.
f4 Ned7 16. g4 Nb6 17. g5 hxg5 18. fxg5 Nh7 19. h4 d5 20. Qf3 Rad8 21. b3 Bd6
22. Ne2 Rfe8 23. Bf2 Re4 24. Bg2 Nd7 25. Qh3 Re5 26. Rad1 d4 27. Qf3 Rde8 28.
Nc1 Rxe1+ 29. Rxe1 Rxe1+ 30. Bxe1 Bf4 31. Nd3 Be3+ 32. Kf1 c4 33. Nb4 cxb3 34.
cxb3 Nc5 35. Nd5 Qe5 36. Bg3 Qe8 37. Nc7 Qd8 38. Qd5 Qxd5 39. Bxd5 d3 40. Bd6
d2 41. Ke2 Nd3 42. Bf3 Nb2 43. Kxe3 d1=Q 44. Bxd1 Nxd1+ 45. Ke2 Nc3+ 46. Ke3
Nf8 47. Bb4 Nb5 48. Nxb5 axb5 49. Bxf8 Kxf8 50. Kd4 b6 51. Kd5 Ke7 52. h5 f6
53. h6 gxh6 54. gxh6 1-0

[Event "Mistrzostwa Polski Seniorow oraz Osob Ni"]
[Site "WZW "]
[Date "2013.10.03"]
[Round "5.8"]
[White "Nowak, Adam"]
[Black "Feliksinski, Tadeusz"]
[Result "0-1"]
[WhiteElo "1399"]
[BlackElo "1713"]
[PlyCount "64"]
[EventDate "2013.??.??"]

1. c4 e5 2. Nc3 Nf6 3. Nf3 Nc6 4. g3 Bb4 5. Bg2 d6 6. O-O O-O 7. d3 Bg4 8. Bg5
h6 9. Bxf6 Qxf6 10. Nd5 Qd8 11. a3 Ba5 12. b4 Bb6 13. Nd2 Nd4 14. Nc3 c6 15. h3
Bh5 16. Kh2 f5 17. b5 Rc8 18. a4 Ba5 19. Ndb1 Qf6 20. f3 Be8 21. e3 Ne6 22. Qc2
Bg6 23. Nd2 e4 24. d4 exf3 25. Rxf3 f4 26. Nce4 Qe7 27. Qa2 Ng5 28. Nxg5 fxe3
29. Nb3 Bc3 30. Ne4 Rxf3 31. Nxc3 Rf2 32. Kg1 Rxa2 0-1

[Event "Mistrzostwa Polski Seniorow oraz Osob Ni"]
[Site "WZW "]
[Date "2013.10.03"]
[Round "5.9"]
[White "Kondrusik, Aleksander"]
[Black "Grabarczyk, Edmund"]
[Result "1-0"]
[WhiteElo "1530"]
[BlackElo "1394"]
[PlyCount "85"]
[EventDate "2013.??.??"]

1. e4 d5 2. exd5 c6 3. d4 Nf6 4. Nc3 Nxd5 5. Bc4 Nxc3 6. bxc3 g6 7. Nf3 Bg7 8.
O-O O-O 9. Bf4 Nd7 10. Re1 b5 11. Bb3 a5 12. a4 b4 13. Qd2 c5 14. Rad1 Bb7 15.
Qe3 Bxf3 16. gxf3 cxd4 17. cxd4 e6 18. Rd3 Nb6 19. Qe4 Qd7 20. Red1 Nxa4 21.
Ra1 Nc3 22. Qe3 Bxd4 23. Qd2 Qa7 24. Bd6 Rfd8 25. Bg3 Ne2+ 26. Kg2 Bxa1 27.
Rxd8+ Rxd8 28. Qxd8+ Kg7 29. Qd1 Nxg3 30. Qxa1+ f6 31. hxg3 Qb6 32. Qe1 Kf7 33.
Qd2 Qc6 34. Qh6 Kg8 35. Qe3 Kf7 36. Qa7+ Kg8 37. Qxa5 g5 38. Qxb4 h5 39. Qe7 g4
40. Bxe6+ Kh8 41. Qxf6+ Kh7 42. Bf5+ Kg8 43. Qxc6 1-0